| 000 | 02712nam a2200325 a 4500 | ||
|---|---|---|---|
| 005 | 20070314083947.0 | ||
| 008 | 060818s2006 ii a | 001 0beng | ||
| 010 | _aB-268547-558 | ||
| 020 |
_a8123745575 _c165.00 |
||
| 035 | _aB-268547-558 | ||
| 040 |
_adpl _bEnglish |
||
| 082 | _a371.422 | ||
| 245 |
_aCompendium on shcolarships fellowships freeships and educational loans for study in India and abroad / _ccompiled by Educational Consultants India |
||
| 260 |
_aNew Delhi _bNational Book Trust _c2005 |
||
| 300 |
_axx, 328 p. _c25 cm (pbk) |
||
| 942 |
_2ddc _cEN _mCOM _h371.422 |
||
| 999 |
_c16782 _d16782 |
||